Les joueurs de l'AJA en équipe pro (saison 2023-2024) - Statistiques

Statistiques générales
  • Ce quiz a été pris 30 fois
  • Le résultat moyen est 17 sur 25
Statistiques - réponses
Hint Réponse % Correct
ATT Gaëtan Perrin
100%
ATT Gauthier Hein
100%
G Donovan Léon
95%
DEF Jubal Jr
95%
MIL Elisha Owusu
89%
ATT Ado Onaiwu
84%
DEF Gideon Mensah
84%
G Théo De Percin
84%
DEF Clément Akpa
79%
ATT Lassine Sinayoko
79%
DEF Paul Joly
79%
ATT Florian Ayé
74%
DEF Théo Pellenard
74%
MIL Kévin Danois
68%
MIL Rayan Raveloson
63%
DEF Saad Agouzoul
63%
G Sonny Laiton
63%
MIL Assane Dioussé
58%
DEF Colin Dagba
53%
ATT Eros Maddy
53%
ATT Issa Soumaré
42%
ATT Ousmane Camara
42%
DEF Ange Loïc N'Gatta
37%
MIL Nathan Buayi-Kiala
37%
G Raphaël Adicéam
37%
Aucun quiz correspondant
Distribution des résultats
% des personnes avec chaque résultat
Percentile par nombre de réponses
Votre historique - résultats
Vous n’avez pas pris ce quiz